Soft Computing. Techniques in Engineering Sciences (Record no. 52680)

MARC details
000 -LEADER
fixed length control field 01133nam a2200241Ia 4500
000 - LEADER
fixed length control field 01280naaa 00241uu
001 - CONTROL NUMBER
control field https://directory.doabooks.org/handle/20.500.12854/59639
005 - DATE AND TIME OF LATEST TRANSACTION
control field 20260218110006.0
008 - FIXED-LENGTH DATA ELEMENTS--GENERAL INFORMATION
fixed length control field 211013s9999 xx 000 0 und d
020 ## - INTERNATIONAL STANDARD BOOK NUMBER
International Standard Book Number 9783110628616
024 ## - OTHER STANDARD IDENTIFIER
Standard number or code 10.1515/9783110628616
042 ## - AUTHENTICATION CODE
Authentication code dc
245 #0 - TITLE STATEMENT
Title Soft Computing. Techniques in Engineering Sciences
260 ## - PUBLICATION, DISTRIBUTION, ETC.
Name of publisher, distributor, etc. De Gruyter
Date of publication, distribution, etc. 2020
300 ## - PHYSICAL DESCRIPTION
Extent 1 electronic resource (230 p.)
520 ## - SUMMARY, ETC.
Summary, etc. Soft computing is used where a complex problem is not adequately specified for the use of conventional math and computer techniques. Soft computing has numerous real-world applications in domestic, commercial and industrial situations. This book elaborates on the most recent applications in various fields of engineering.
540 ## - TERMS GOVERNING USE AND REPRODUCTION NOTE
Terms governing use and reproduction Creative Commons
700 1# - ADDED ENTRY--PERSONAL NAME
Personal name Ram, Mangey
700 1# - ADDED ENTRY--PERSONAL NAME
Personal name Singh, Suraj B.
856 ## - ELECTRONIC LOCATION AND ACCESS
Uniform Resource Identifier <a href="https://docs.google.com/spreadsheets/d/1yKIrdCPDAG_9c22mwoOIO2DOhtj65Wqa/edit?usp=sharing&ouid=106555315294820607512&rtpof=true&sd=true ">https://docs.google.com/spreadsheets/d/1yKIrdCPDAG_9c22mwoOIO2DOhtj65Wqa/edit?usp=sharing&ouid=106555315294820607512&rtpof=true&sd=true </a>
Link text List of Curated E-Books
942 ## - ADDED ENTRY ELEMENTS (KOHA)
Koha item type E-Book
Holdings
Withdrawn status Source of classification or shelving scheme Damaged status Not for loan Home library Current library Date acquired Total Checkouts Date last seen Price effective from Koha item type
        De Gruyter De Gruyter 12/29/2022   12/29/2022 12/29/2022 E-Book
  Library of Congress Classification   Not For Loan Directory of Open Access Books Directory of Open Access Books 12/22/2021   12/22/2021 12/22/2021 E-Book

University of Rizal System
Email us at univlibservices@urs.edu.ph

Visit our Website www.urs.edu.ph/library